| 000 | 00705nam a22002417a 4500 | ||
|---|---|---|---|
| 005 | 20170124110228.0 | ||
| 010 | _aB-019712 | ||
| 020 |
_c00.00 _a8187317310 |
||
| 035 | _aB-019712 | ||
| 037 | _bCen Lib/Ret | ||
| 040 |
_aDPL _bEN |
||
| 082 |
_a025.4 _bIYE |
||
| 100 |
_aIyer, V.K. _941052 |
||
| 245 |
_aLibrary information technology tools of tomorrow / _cby V.K. Iyer |
||
| 246 | _b | ||
| 260 |
_bRajat Publications _aNew Delhi _c1999 |
||
| 270 |
_bNew Delhi _a4/32, geeta colony _e110031 |
||
| 300 |
_avi, 358p. _c21cm(Hb) |
||
| 500 | _aIncludes index | ||
| 650 |
_aLibrary science _941053 |
||
| 650 |
_aInformation technology _941054 |
||
| 942 |
_2ddc _cEN _h025.4 _mIYE |
||
| 999 |
_c134549 _d134549 |
||